• 首页
  • 本馆介绍
  • 公告通知
  • 最新文献
  • 馆藏检索
  • 电子资源
  • 读者导购
  • 参考咨询
  • 我的图书馆
  • 登录
  • 详细信息显示
  • 放入我的书架
  • 预约/预借图书
  • 作者相关作品
  • 分类相关作品
  • 丛书相关作品
  • 出版社相关作品

书目信息

  • 表格格式
  • 工作单格式
  • 卡片格式
题名:
经济效益审计
    
 
作者: 王学龙 主编
分册:  
出版信息: 大连   东北财经大学出版社  2021.2
页数: 305页
开本: 24cm
丛书名:
单 册:
中图分类: F239.42
科图分类:
主题词: 效益审计--xiao yi shen ji--高等教育--教材
电子资源:
ISBN: 978-7-5654-4092-2
000 00920nam0 2200265 450
001 2161466131
005 20211003084301.34
010    @a978-7-5654-4092-2@dCNY45.00
100    @a20210411d2021 em y0chiy0120 ea
101 0  @achi
102    @aCN@b210000
105    @ay z 000yy
106    @ar
200 1  @a经济效益审计@Ajing ji xiao yi shen ji@dPerformance auditing@f王学龙主编@zeng
205    @a3版
210    @a大连@c东北财经大学出版社@d2021.2
215    @a305页@d24cm
300    @a21世纪高等教育审计精品教材
330    @a本书共分四篇十二章,具体内容包括:经济效益审计方法与程序、经济效益审计准则和标准、管理审计、风险管理审计、经营审计、资源利用效益审计等。
510 1  @aPerformance auditing@zeng
606 0  @a效益审计@Axiao yi shen ji@x高等教育@j教材
690    @aF239.42@v5
701  0 @a王学龙@Awang xue long@f(1968~)@4主编
801  0 @aCN@b百万庄@c20210929
905    @b1302906-09@dF239.42@e668=3@f4
    
    经济效益审计=Performance auditing/王学龙主编.-3版.-大连:东北财经大学出版社,2021.2
    305页;24cm
    21世纪高等教育审计精品教材
    
    ISBN 978-7-5654-4092-2:CNY45.00
    本书共分四篇十二章,具体内容包括:经济效益审计方法与程序、经济效益审计准则和标准、管理审计、风险管理审计、经营审计、资源利用效益审计等。
●
相关链接 在E读中查询图书 在五车中查询图书 在当当中查询图书 在豆瓣中查询图书


正题名:经济效益审计     索取号:F239.42/668=3         预约/预借

序号 登录号 条形码 馆藏地/架位号 状态 备注
1 1302906   213029060   第一样本阅览室/ [索取号:F239.42/668=3] 在馆    
2 1302907   213029079   第一借阅区/ [索取号:F239.42/668=3] 在馆    
3 1302908   213029088   第一借阅区/ [索取号:F239.42/668=3] 在馆    
4 1302909   213029097   第一借阅区/ [索取号:F239.42/668=3] 在馆    
唐山师范学院图书馆 欢迎您!
大连网信软件有限公司© 版权所有